Normal view
MARC view
Entry Personal Name
001 - CONTROL NUMBER
- control field: 14732
003 - CONTROL NUMBER IDENTIFIER
- control field: dpl
005 - DATE AND TIME OF LATEST TRANSACTION
- control field: 20100818134639.0
008 - FIXED-LENGTH DATA ELEMENTS
- fixed length control field: 100818|||a|||||| | ||| d
040 ## - CATALOGING SOURCE
- Original cataloging agency: dpl
- Transcribing agency: dpl
100 ## - HEADING--PERSONAL NAME
- Personal name: योगेन्द्र प्रताप सिंह
670 ## - SOURCE DATA FOUND
- Source citation: Work cat.: (dpl)34373: योगेन्द्र प्रताप सिंह, सर्जन और रसास्वादनः भारतीय पक्ष /, 2009
670 ## - SOURCE DATA FOUND
- Source citation: Work cat.: (dpl)34373: योगेन्द्र प्रताप सिंह, सर्जन और रसास्वादनः भारतीय पक्ष /, 2009
